Etudes. pour piano / Cahier I, Etude 1-21

Hlavní autor: Cramer, Johann Baptist, 1771-1858
Jazyk: Nelze použít, není lingvistický obsah
Vydáno: Leipzig : C.F. Peters, [1905?]
Edice: Edition Peters
Fyzický popis: 43 s.
Hudebniny Hudebniny
Uloženo v:
LEADER 00765ncm a22002292a 4500
001 001309824
003 CZ BrMZK
005 20130819133909.0
007 qu
008 980105s1905 gw f zxx d
040 |a BOA001  |b cze 
072 7 |a 786  |x Hudba pro klávesové nástroje  |2 Konspekt  |9 9 
100 1 |a Cramer, Johann Baptist,  |d 1771-1858  |7 ola2002159030  |4 cmp 
245 1 0 |a Etudes.  |n Cahier I, Etude 1-21  |h [hudebnina] :  |b pour piano /  |c par J.B. Cramer 
260 |a Leipzig :  |b C.F. Peters,  |c [1905?] 
300 |a 43 s. 
490 1 |a Edition Peters ;  |v 184a 
830 0 |a Edition Peters 
910 |a BOA001  |b Mus4-0116.361,184a 
990 |a MU 
991 |b 201307 
996 6 |b 2619570609  |c Mus4-0116.361,184a  |l MZK  |r Sklad / do 1 hodiny  |n 0  |w 001344688  |u 000010  |a 1  |e BOA001  |j MZK50  |s P